Missing Word: Movies With Thanksgiving Scenes Quiz Stats

 Plays Quiz Updated Nov 23, 2017

Score 0/20 Timer 03:00
0 Plays Today
Movie Missing Word % Correct
____ and JillJack
97.5%
Grumpy ____ MenOld
97%
____, Trains and AutomobilesPlanes
96.1%
You've Got ____Mail
95.5%
Paul Blart: ____ CopMall
94.1%
Don't Say a ____Word
94%
____ for the HolidaysHome
92.5%
Scent of a ____Woman
92%
The ____ RushGold
89.7%
____-Man Spider
89%
Movie Missing Word % Correct
For ____ ConsiderationYour
87.2%
The Blind ____Side
86.4%
Hannah and Her ____Sisters
81.7%
____ Family Values Addams
74.3%
Nobody's ____ Fool
66.1%
____ in LawSon
47.1%
The Big ____Chill
41.9%
____ HeistTower
36%
Pieces of ____ April
22.3%
The House of ____Yes
8%

Today's Daily Dose

Word Ladder
Homophones Ate

Quick Pick
RGB Colors

On This Day
August 18th II

You're not logged in!

Compare scores with friends on all Sporcle quizzes.
Join for Free
OR
Log In

You Might Also Like...

Show Comments

Extras

Top Quizzes Today


Score Distribution

Your Account Isn't Verified!

In order to create a playlist on Sporcle, you need to verify the email address you used during registration. Go to your Sporcle Settings to finish the process.

Report this User

Report this user for behavior that violates our Community Guidelines.

Details: